000 00520nam a2200181Ia 4500
005 20250508162502.0
008 008 250505s9999 xx 000 0 eng d
037 _aTextual
040 _aFEDL
_beng
_cFEDL
041 _aeng
_2eng
084 _a530, BAJ
_qFEDL
100 _aBajaj N K
_9773257
245 0 _aTextbook of physics for class 12
260 _aNew Delhi, India
_bTata McGraw-Hill Publishing Company Limited
_c1981
300 _a515p.
942 _cTEXL
_h530, BAJ
999 _c1376851
_d1376851